<?xml version="1.0" encoding="UTF-8"?>
<marc:record xmlns:marc="http://www.loc.gov/MARC21/slim">
   <marc:leader>00000nam a2200000 a 4500</marc:leader>
   <marc:datafield ind1="1" ind2=" " tag="100">
      <marc:subfield code="a">Arnald, Jo</marc:subfield>
      <marc:subfield code="4">aut</marc:subfield>
      <marc:subfield code="e">Verfasser/-in</marc:subfield>
   </marc:datafield>
   <marc:datafield ind1="0" ind2="0" tag="245">
      <marc:subfield code="a">Almputz</marc:subfield>
   </marc:datafield>
   <marc:datafield ind1="0" ind2="0" tag="245">
      <marc:subfield code="b">Luis Landauers zweiter Fall</marc:subfield>
   </marc:datafield>
   <marc:datafield ind1="0" ind2="0" tag="245">
      <marc:subfield code="c">Arnald, Jo</marc:subfield>
   </marc:datafield>
   <marc:datafield ind1=" " ind2="1" tag="264">
      <marc:subfield code="a">Birgitz</marc:subfield>
      <marc:subfield code="b">Delventhal Verlag</marc:subfield>
      <marc:subfield code="c">2026</marc:subfield>
   </marc:datafield>
   <marc:datafield ind1="1" ind2=" " tag="490">
      <marc:subfield code="a">Luis Landauer ermittelt</marc:subfield>
      <marc:subfield code="v">Band 2</marc:subfield>
   </marc:datafield>
   <marc:datafield ind1="1" ind2=" " tag="520">
      <marc:subfield code="a">In der Stadt herrscht Ausnahmezustand: Ein angesehener Bankier wird brutal im Wald erschlagen, kurz darauf trifft es einen mächtigen Bauunternehmer. Über die Medien meldet sich der Täter zu Wort. Als Sagengestalt aus dem Gebirge droht er mit weiteren Taten. Angst und Spekulationen machen sich breit. Als schließlich auch noch der Finanzdirektor der Stadt tot aufgefunden wird, gerät das LKA Tirol unter Druck. Chefermittler Luis Landauer steht vor einem Rätsel. Die politische Lage spitzt sich zu, ein Sonderteam aus Wien reist an, doch die Spuren bleiben vage. Erst als Landauer tief in die Schatten alter Mythen und Gebräuche eintaucht, fügt sich das grausame Puzzle zusammen und bringt die Wahrheit ans Licht.</marc:subfield>
   </marc:datafield>
   <marc:datafield ind1=" " ind2=" " tag="020">
      <marc:subfield code="a">9783903500044</marc:subfield>
      <marc:subfield code="9">9783903500044</marc:subfield>
   </marc:datafield>
   <marc:datafield ind1=" " ind2=" " tag="041">
      <marc:subfield code="a">ger</marc:subfield>
   </marc:datafield>
   <marc:datafield ind1="0" ind2=" " tag="490">
      <marc:subfield code="v">Band 2</marc:subfield>
   </marc:datafield>
   <marc:datafield ind1=" " ind2=" " tag="300">
      <marc:subfield code="a">423 S.</marc:subfield>
   </marc:datafield>
</marc:record>
